000 00677nam a2200217Ii 4500
003 JO-AjNU
008 230605s9999||||xx |||||||||||||| ||und||
017 _a1980/2887
020 _a977-7325
040 _aJO-AjNU
_bara
_erda
_cJO-AjNU
041 _aara
050 1 4 _aLB41.S2 1980
100 3 _aأحمد،سعد مرسي,
_eauthor
_97766
245 0 0 _aطفل غاضب: فكر فلسفي للتربية
264 3 1 _aالقاهرة:عالم الكتب،1980
300 _a220ص
336 _atext
_btxt
_2rdacontent
337 _aunmediated
_bn
_2rdamedia
338 _avolume
_bnc
_2rdacarrier
650 4 _aالتربية و التعليم-مقالات-محاضرات
_97767
999 _aA446
_c4014
_d4014